| 000 | 00565nam a2200217Ia 4500 | ||
|---|---|---|---|
| 005 | 20241129120256.0 | ||
| 008 | 241129s9999||||xx |||||||||||||| ||und|| | ||
| 020 | _a9781647254094 | ||
| 037 | _aTB | ||
| 040 |
_aSDCL _beng _cSDCL |
||
| 041 |
_aeng _2eng |
||
| 084 |
_aO-,3M2:g R3 _qSDCL |
||
| 100 |
_aMcDaniels Robinson _9729566 |
||
| 245 | 0 | _aRise of the British Novel | |
| 260 |
_aNew York _bNY Research Press _c2023 |
||
| 300 | _a289p | ||
| 365 |
_aUSD _b169 |
||
| 650 | _aEnglish | ||
| 942 |
_cTB _hO-,3M2:g R3 |
||
| 999 |
_c1234115 _d1234115 |
||